| LDR | | 00000nam c2200205 k 4500 |
| 001 | | 000000341280 |
| 005 | | 20260414143941 |
| 007 | | ta |
| 008 | | 260407s2022 ggkad r 001a kor |
| 020 | |
▼a 9788999412349
▼g 93370 :
▼c \22000 |
| 040 | |
▼a 248032
▼c 248032
▼d 248032 |
| 049 | 0 |
▼l EM111900
▼l EM111901
▼c 2 |
| 056 | |
▼a 334.3
▼2 4 |
| 090 | |
▼a 334.3
▼b 박54ㅊ |
| 245 | 20 |
▼a 청소년육성제도론 /
▼d 박선숙,
▼e 윤기혁,
▼e 한승협 공저 |
| 250 | |
▼a 1판 |
| 260 | |
▼a 파주 :
▼b 양서원,
▼c 2022 |
| 300 | |
▼a 392 p. :
▼b 삽화, 표 ;
▼c 25 cm |
| 504 | |
▼a 참고문헌(p. 389-390) 및 색인(p. 391-392) 수록 |
| 653 | |
▼a 청소년육성
▼a 청소년행정
▼a 청소년정책 |
| 700 | 1 |
▼a 박선숙,
▼e 저 |
| 700 | 1 |
▼a 윤기혁,
▼e 공저 |
| 700 | 1 |
▼a 한승협,
▼e 공저 |
| 950 | 0 |
▼b \22000 |
| 990 | |
▼a 관리자2
▼b 관리자2 |